|
|
|
|
| LEADER |
00000nab#a22000007a#4500 |
| 001 |
arbauad039681 |
| 003 |
AR-BaUAD |
| 005 |
20250711113106.0 |
| 008 |
990831|||||||||###||||||b###|0###a|spa|| |
| 040 |
|
|
|a AR-BaUAD
|c AR-BaUAD
|b spa
|
| 245 |
1 |
0 |
|a Community projects
|b shared strangeness
|
| 300 |
0 |
|
|b fot.
|
| 653 |
|
|
|a PAISES BAJOS
|
| 653 |
|
|
|a ROYAL COLLEGE OF ART
|
| 653 |
|
|
|a EQUIPAMIENTO URBANO
|
| 653 |
|
|
|a BANCOS
|
| 653 |
|
|
|a DISEÑO INDUSTRIAL
|
| 773 |
0 |
|
|t BLUEPRINT
|g no. 163 [jul.-ago. 1999], p. 18
|
| 942 |
|
|
|c ARTI
|
| 952 |
|
|
|0 0
|1 0
|4 0
|7 0
|9 84600
|a AR-BAuAD
|b AR-BAuAD
|d 2025-07-11
|l 0
|p AAQA039681
|r 2025-07-11 11:31:06
|w 2025-07-11
|y ARTI
|
| 990 |
|
|
|a U199
|b TD
|
| 990 |
|
|
|a DI199
|b TD
|
| 998 |
|
|
|a AAQ
|b BIBUN76
|
| 999 |
|
|
|c 64273
|d 64273
|